| 000 | 00000nam 2200000zi 4500 |
| 001 | 9.939949 |
| 003 | CaOODSP |
| 005 | 20241203113656 |
| 006 | m o d f |
| 007 | cr bn||||||||| |
| 008 | 240627t19941994onc ob f000 0 eng d |
| 020 | |a0662602929 |q(bilingual ; |qprint) |
| 020 | |z0662602929 |q(incorrect) |
| 040 | |aCaOODSP|beng|erda|cCaOODSP |
| 043 | |an-cn--- |
| 045 | |ax9x9 |
| 086 | 1 |aEn49-2/5-5E-PDF |
| 086 | 1 |aEn49-5/5-5|zEn49-5/5-5E |
| 100 | 1 |aYumlu, S. V., |eauthor. |
| 245 | 10|aEstimates of emissions from pleasure craft in Canada / |cby S.V. Yumlu. |
| 264 | 1|a[Ottawa] : |bEnvironment Canada = Environnement Canada, |c1994. |
| 264 | 4|c©1994 |
| 300 | |a1 online resource (viii, 14 pages). |
| 336 | |atext|btxt|2rdacontent |
| 337 | |acomputer|bc|2rdamedia |
| 338 | |aonline resource|bcr|2rdacarrier |
| 490 | 1 |aEnvironmental protection series |
| 500 | |aIssued also in French under title: Estimation des émissions des bateaux de plaisance au Canada. |
| 500 | |a"For the Industrial Sectors Branch, Environmental Protection Service, Environment Canada." |
| 500 | |a"Report EPS 5/AP/5, March 1994." |
| 500 | |aDigitized edition from print [produced by Environment and Climate Change Canada]. |
| 504 | |aIncludes bibliographical references (page 11). |
| 650 | 0|aMotorboats|xMotors|xCombustion|xEnvironmental aspects|zCanada. |
| 650 | 0|aAir|xPollution|zCanada|xMeasurement. |
| 710 | 1 |aCanada. |bEnvironment Canada, |eissuing body. |
| 710 | 1 |aCanada. |bEnvironmental Protection Service, |eissuing body. |
| 775 | 08|tEstimation des émissions des bateaux de plaisance au Canada / |w(CaOODSP)9.939951 |
| 776 | 0#|tEstimates of emissions from pleasure craft in Canada / |w(CaOODSP)9.523644 |
| 830 | #0|aEnvironmental protection series reports.|w(CaOODSP)9.851520 |
| 856 | 40|qPDF|s512 KB|uhttps://publications.gc.ca/collections/collection_2024/eccc/en49/En49-2-5-5-eng.pdf |